| 000 | 00778nas a2200253 4500 | ||
|---|---|---|---|
| 001 | BR9704218 | ||
| 003 | BR-BrBNA | ||
| 005 | 20231205100508.0 | ||
| 007 | ta | ||
| 008 | 230509b bl.|||p| |||| 00| 00por d | ||
| 040 |
_aBR-BrBNA _bpor _cBiblioteca Nacional de Agricultura |
||
| 041 | _a(Pt) | ||
| 072 | _aL20 | ||
| 100 | 1 | _aVogel, L. | |
| 100 | 1 | _aCosta, E.A. | |
| 100 | 1 | _aReis, L.C. | |
| 100 | 1 | _aMarinho Junior, A. | |
| 245 | 1 | _aEstudo comportamental em Gallus domesticus submetidos a estimulacao nociceptiva | |
| 650 | _aPinto | ||
| 650 | _aComportamento Animal | ||
| 773 | 0 |
_tRevista Brasileira de Medicina Veterinaria (Brazil) _xISSN 0100-2430 _g(Jan-Feb 1997), v. 19(1) p. 16-18 _wBR9704218 |
|
| 909 |
_a202311 _bLúcia _c55 _dLúcia Elande |
||
| 942 |
_2AGRIS _n0 _cANA |
||
| 999 |
_c156349 _d156349 |
||